21世紀東北楽天ゴールデンイーグルス開幕スタメン - Statistics

General Stats
  • This quiz has been taken 38 times
  • The average score is 152 of 220
Answer Stats
Answer % Correct
浅村栄斗
100%
浅村栄斗
100%
浅村栄斗
100%
浅村栄斗
100%
浅村栄斗
100%
浅村栄斗
100%
浅村栄斗
100%
浅村栄斗
100%
岩隈久志
96%
岩隈久志
96%
岩隈久志
96%
岩隈久志
96%
岩隈久志
96%
岩隈久志
96%
田中将大
96%
太田光
96%
太田光
96%
田中将大
96%
太田光
96%
太田光
96%
太田光
96%
辰己涼介
92%
2021 辰己涼介
92%
2023 辰己涼介
92%
辰己涼介
92%
辰己涼介
92%
辰己涼介
92%
2010 聖澤諒
88%
聖澤諒
88%
嶋基宏
88%
2012 聖澤諒
88%
嶋基宏
88%
2013 聖澤諒
88%
嶋基宏
88%
則本昂大
88%
嶋基宏
88%
聖澤諒
88%
則本昂大
88%
2015 聖澤諒
88%
嶋基宏
88%
則本昂大
88%
茂木栄五郎
88%
嶋基宏
88%
則本昂大
88%
2017 茂木栄五郎
88%
島内宏明
88%
聖澤諒
88%
嶋基宏
88%
2018 茂木栄五郎
88%
島内宏明
88%
嶋基宏
88%
則本昂大
88%
茂木栄五郎
88%
島内宏明
88%
嶋基宏
88%
2020 茂木栄五郎
88%
鈴木大地
88%
島内宏明
88%
則本昂大
88%
小深田大翔
88%
島内宏明
88%
茂木栄五郎
88%
鈴木大地
88%
島内宏明
88%
茂木栄五郎
88%
鈴木大地
88%
小深田大翔
88%
則本昂大
88%
小深田大翔
88%
島内宏明
88%
2024 茂木栄五郎
88%
小深田大翔
88%
島内宏明
88%
村林一輝
88%
2025 小深田大翔
88%
村林一輝
88%
2026 村林一輝
88%
小深田大翔
88%
山崎武司
84%
山崎武司
84%
山崎武司
84%
山崎武司
84%
山崎武司
84%
山崎武司
84%
山崎武司
84%
ジョーンズ
84%
マギー
84%
ジョーンズ
84%
宗山塁
84%
ボイト
84%
藤田一也
80%
藤田一也
80%
ウィーラー
80%
藤田一也
80%
ウィーラー
80%
藤田一也
80%
ウィーラー
80%
アマダー
80%
ウィーラー
80%
アマダー
80%
ウィーラー
80%
早川隆久
80%
早川隆久
80%
リック
76%
リック
76%
リック
76%
2009 リック
76%
2011 松井稼頭央
76%
松井稼頭央
76%
松井稼頭央
76%
松井稼頭央
76%
松井稼頭央
76%
岸孝之
76%
小郷裕哉
76%
小郷裕哉
76%
小郷裕哉
76%
マッカスカー
76%
2006 鉄平
72%
鉄平
72%
鉄平
72%
鉄平
72%
鉄平
72%
鉄平
72%
2014 岡島豪郎
72%
2016 岡島豪郎
72%
岡島豪郎
72%
フェルナンデス
68%
フェルナンデス
68%
フェルナンデス
68%
銀次
68%
銀次
68%
銀次
68%
銀次
68%
銀次
68%
銀次
68%
銀次
68%
銀次
68%
フランコ
68%
フランコ
68%
荘司康誠
68%
リンデン
64%
2019 田中和基
64%
田中和基
64%
涌井秀章
64%
田中和基
64%
高須洋介
60%
藤井彰人
60%
藤井彰人
60%
2007 高須洋介
60%
藤井彰人
60%
2008 渡辺直人
60%
高須洋介
60%
藤井彰人
60%
セギノール
60%
藤井彰人
60%
渡辺直人
60%
渡辺直人
60%
高須洋介
60%
藤井彰人
60%
高須洋介
60%
高須洋介
60%
ペゲーロ
60%
ペゲーロ
60%
阿部寿樹
60%
磯部公一
56%
磯部公一
56%
磯部公一
56%
磯部公一
56%
磯部公一
56%
内村賢介
56%
枡田慎太郎
56%
枡田慎太郎
56%
ブラッシュ
56%
ブラッシュ
56%
黒川史陽
56%
中島大輔
56%
安田悠馬
52%
安田悠馬
52%
草野大輔
48%
草野大輔
48%
ロペス
44%
一場靖弘
44%
岩村明憲
44%
ユーキリス
44%
吉岡雄二
40%
中村紀洋
40%
中村紀洋
40%
美馬学
36%
2022 西川遥輝
36%
伊藤裕季也
36%
伊藤裕季也
36%
川口憲史
32%
中島俊哉
32%
牧田明久
32%
牧田明久
32%
サンチェス
32%
オコエ瑠偉
32%
飯田哲也
28%
憲史
28%
今江敏晃
28%
内田靖人
28%
山崎剛
28%
山崎剛
28%
2005 関川浩一
24%
沖原佳典
24%
沖原佳典
24%
小坂誠
24%
ペーニャ
24%
ルイーズ
20%
ガルシア
20%
今江年晶
20%
ロメロ
20%
テレーロ
16%
後藤光尊
16%
和田恋
16%
フィリップス
12%
西村弥
8%
ゴームズ
8%
酒井忠晴
4%
ウィット
4%
No matching quizzes found
Score Distribution
Percent of People with Each Score
Percentile by Number Answered
Your Score History
You have not taken this quiz